Closest Countries to Maldives Quiz Stats

 Plays Quiz Updated Aug 22, 2017

Support Sporcle.
Go Orange.
Score 0/24 Timer 04:00
4 Plays Today
Distance Country % Correct
133 kmIndia
98.3%
735 kmSri Lanka
94.2%
1,970 kmPakistan
92%
2,102 kmOman
84.9%
2,137 kmYemen
84.6%
2,343 kmIran
83.4%
2,409 kmBangladesh
82.6%
2,480 kmSaudi Arabia
82.3%
2,503 kmNepal
80.3%
2,773 kmThailand
79.6%
2,479 kmIndonesia
79.6%
2,567 kmMyanmar
79.2%
Distance Country % Correct
2,653 kmAfghanistan
79.2%
2,706 kmChina
77.7%
2,606 kmUnited Arab Emirates
77.7%
2,411 kmSomalia
76.4%
2,943 kmMalaysia
76.3%
2,914 kmMadagascar
75.5%
1,953 kmSeychelles
74.7%
2,792 kmBhutan
74%
2,220 kmMauritius
62.7%
2,894 kmEthiopia
59.8%
572 kmUnited Kingdom
55.6%
2,907 kmAustralia
52.1%

From the Vault

MLB Team Leaders

by Ben

Sports 12m
It's a lot easier to make this list if you are a Tampa Bay Ray as opposed to being a Chicago Cub.
Remove Ads.
Support Sporcle.
Get the best of Sporcle when you Go Orange. This ad-free experience offers more features, more stats, and more fun while also helping to support Sporcle. Thank you for becoming a member.

Show Comments

Extras

Top Quizzes Today


Score Distribution

Your Account Isn't Verified!

In order to create a playlist on Sporcle, you need to verify the email address you used during registration. Go to your Sporcle Settings to finish the process.

Report this User

Report this user for behavior that violates our Community Guidelines.

Details: